LIBRARY & INFORMATION CENTRE, KCAET, TAVANUR

ONLINE PUBLIC ACCESS CATALOGUE (OPAC)

Renewable Energy and Climate Change (Record no. 14411)

MARC details
000 -LEADER
fixed length control field 00344nam a22001337a 4500
020 ## - INTERNATIONAL STANDARD BOOK NUMBER
ISBN 9788126537709
082 ## - DEWEY DECIMAL CLASSIFICATION NUMBER
Classification number 551.523
Item number QUA/RE
100 ## - MAIN ENTRY--AUTHOR NAME
Personal name Quaschning,Volker
245 ## - TITLE STATEMENT
Title Renewable Energy and Climate Change
260 ## - PUBLICATION, DISTRIBUTION, ETC. (IMPRINT)
Place of publication New Delhi
Name of publisher Wiley India Pvt. Ltd.
Year of publication 2012
300 ## - PHYSICAL DESCRIPTION
Number of Pages 308
500 ## - GENERAL NOTE
General note Translator - Hedy Jourdan
942 ## - ADDED ENTRY ELEMENTS (KOHA)
Koha item type Books
Holdings
Withdrawn status Lost status Damaged status Collection code Home library Current library Shelving location Date acquired Source of acquisition Cost, normal purchase price Full call number Accession Number Koha item type
        KAUAET KAUAET General Stacks 29/06/2016 Minerva Books, Thrissur. 995.00 551.523 QUA/RE 23782 Books
free website counter